Bệnh ký sinh trùng ở gia súc, gia cầm Việt Nam
Nội dung sách trình bày một cách hệ thống từ những kiến thức cơ bản đến những nghiên cứu ứng dụng trong phòng chống KST ở gia súc gia cầm
Sparad:
| Materialtyp: | Bok |
|---|---|
| Språk: | Undetermined |
| Publicerad: |
Hà Nội
Nông Nghiệp
2015
|
| Ämnen: | |
| Taggar: |
Lägg till en tagg
Inga taggar, Lägg till första taggen!
|
| Thư viện lưu trữ: | Trung tâm Học liệu Trường Đại học Cần Thơ |
|---|
| LEADER | 01017nam a2200217Ia 4500 | ||
|---|---|---|---|
| 001 | CTU_216143 | ||
| 008 | 210402s9999 xx 000 0 und d | ||
| 082 | |a 636.089696 | ||
| 082 | |b B256 | ||
| 245 | 0 | |a Bệnh ký sinh trùng ở gia súc, gia cầm Việt Nam | |
| 245 | 0 | |c Phạm Sỹ Lăng (đồng chủ biên)... [et al.] | |
| 260 | |a Hà Nội | ||
| 260 | |b Nông Nghiệp | ||
| 260 | |c 2015 | ||
| 520 | |a Nội dung sách trình bày một cách hệ thống từ những kiến thức cơ bản đến những nghiên cứu ứng dụng trong phòng chống KST ở gia súc gia cầm | ||
| 526 | |a Bệnh ký sinh | ||
| 526 | |b NNY605 | ||
| 650 | |a Parasitic diseases, Animal,Gia súc,Livestock,Poultry,Bệnh kí sinh trùng, động vật,Gia cầm | ||
| 650 | |x Bệnh tật,Diseases,Diseases,Bệnh tật | ||
| 904 | |i Qhieu - Tú Ngân, Linh, Sương | ||
| 980 | |a Trung tâm Học liệu Trường Đại học Cần Thơ | ||